| 000 | 00476nam a2200181Ia 4500 | ||
|---|---|---|---|
| 008 | 090630s9999 xx 000 0 und d | ||
| 082 | _b20969 | ||
| 100 | _aओशो. | ||
| 245 |
_aएक एक पाऊल. _cओशो. |
||
| 260 |
_bमेहता. _c1998 |
||
| 300 | _a134 | ||
| 600 | _aओशो. | ||
| 630 | _aएक एक पाऊल. | ||
| 655 | _aधार्मिक. | ||
| 700 | _aओशो. | ||
| 730 | _aएक एक पाऊल. | ||
| 942 | _cBOOK | ||
| 999 |
_c272825 _d272825 |
||